[Event "XXXVII Olimpiadi femminile"]
[Site "Torino ITA"]
[Date "2006.06.04"]
[Round "13.1"]
[White "Jackova, Jana"]
[Black "Skripchenko, Almira"]
[Result "1-0"]
[WhiteElo "2389"]
[BlackElo "2423"]
[Annotator "CZE-FRA"]
[PlyCount "123"]
[EventDate "2006.05.21"]

1. e4 c5 2. Nf3 e6 3. b3 a6 4. Bb2 Nc6 5. g3 Nf6 6. e5 Ng4 7. h3 Nh6 8. Bg2 Be7
9. O-O O-O 10. d3 f6 11. Nbd2 Nf7 12. exf6 Bxf6 13. Bxf6 gxf6 14. Ne4 b6 15. c4
Rb8 16. d4 f5 17. Nc3 Qf6 18. Ne2 cxd4 19. Nexd4 Bb7 20. Nxc6 Bxc6 21. Nd4 Bxg2
22. Kxg2 Rbd8 23. Nf3 d5 24. cxd5 Rxd5 25. Qe2 b5 26. Rad1 Rfd8 27. Rxd5 Rxd5
28. Rd1 Qd8 29. Rxd5 Qxd5 30. Qd2 Qc6 31. Qf4 Kg7 32. Kg1 h6 33. Qd4+ Kf8 34.
Nh4 Ke8 35. Ng6 Qc1+ 36. Kg2 Qc6+ 37. Kg1 Qc1+ 38. Kh2 Qc2 39. Qa7 Kd8 40. Qe7+
Kc8 41. Qxe6+ Kd8 42. Qf6+ Kc8 43. Qxa6+ Kc7 44. Qa7+ Kc6 45. a4 Qxb3 46. axb5+
Kxb5 47. Qb7+ Ka4 48. Qa6+ Kb4 49. Qb6+ Ka4 50. Qxb3+ Kxb3 51. Ne7 Nd6 52. Kg2
Kc3 53. Kf3 Kd3 54. h4 h5 55. Kf4 Ke2 56. Nxf5 Ne8 57. f3 Kf2 58. g4 Nf6 59.
gxh5 Nh7 60. Ng7 Kg2 61. Ne6 Nf6 62. h6 1-0

[Event "XXXVII Olimpiadi femminile"]
[Site "Torino ITA"]
[Date "2006.06.04"]
[Round "13.3"]
[White "Sikorova, Olga"]
[Black "Lallemand, Roza"]
[Result "1-0"]
[WhiteElo "2276"]
[BlackElo "2243"]
[Annotator "CZE-FRA"]
[PlyCount "105"]
[EventDate "2006.05.21"]

1. e4 c5 2. Nf3 Nc6 3. Bb5 g6 4. O-O Bg7 5. c3 a6 6. Ba4 d6 7. Re1 b5 8. Bc2
Nf6 9. h3 O-O 10. d4 cxd4 11. cxd4 Bb7 12. Nc3 e5 13. dxe5 dxe5 14. Bg5 h6 15.
Be3 Qc7 16. Rc1 Rad8 17. Nd5 Qd6 18. Bb6 Rc8 19. Bb3 Nb4 20. Bc7 Rxc7 21. Nxf6+
Qxf6 22. Rxc7 Ba8 23. Qd7 Kh7 24. a3 Nc6 25. Bxf7 Rd8 26. Qe6 Qxe6 27. Bxe6 Nd4
28. Nxd4 exd4 29. Rd7 Re8 30. Bd5 d3 31. Bxa8 Rxa8 32. b3 a5 33. Rxd3 h5 34. g3
Kh6 35. Kg2 Rc8 36. e5 Bf8 37. a4 bxa4 38. bxa4 Kg5 39. h4+ Kh6 40. Rd7 Bb4 41.
Re2 g5 42. hxg5+ Kxg5 43. Rf7 Kg6 44. e6 Re8 45. f4 Be7 46. Kf3 Bb4 47. f5+ Kg5
48. Ke4 Bd6 49. Rg7+ Kf6 50. Rg6+ Ke7 51. Kd5 Rd8 52. f6+ Kf8 53. Kc6 1-0

[Event "XXXVII Olimpiadi femminile"]
[Site "Torino ITA"]
[Date "2006.06.04"]
[Round "13.2"]
[White "Srebrnic, Ana"]
[Black "Cua, Sherily"]
[Result "1-0"]
[WhiteElo "2302"]
[BlackElo "1954"]
[Annotator "PHI-SLO"]
[PlyCount "79"]
[EventDate "2006.05.21"]

1. Nf3 d5 2. d4 Nf6 3. c4 e6 4. Nc3 Nbd7 5. cxd5 exd5 6. Bg5 c6 7. e3 Be7 8.
Qc2 O-O 9. Bd3 Re8 10. O-O Nf8 11. h3 g6 12. Bh6 Ne6 13. Ne5 Ng7 14. Bxg7 Kxg7
15. f4 Bd6 16. g4 Qe7 17. Qg2 Nd7 18. g5 Nf8 19. Rae1 Be6 20. Re2 Qc7 21. Qg3
Qc8 22. Rh2 Bf5 23. Bxf5 Qxf5 24. h4 Rac8 25. h5 b5 26. Qf3 b4 27. Ne2 Bxe5 28.
Ng3 Qd7 29. fxe5 Re6 30. Ne2 Rc7 31. Nf4 Re8 32. Nd3 Qe7 33. Qg4 Ne6 34. Rf6 c5
35. hxg6 fxg6 36. Qh4 Nf8 37. Nxc5 Kg8 38. Qh6 Qg7 39. Qxg7+ Kxg7 40. Rd6 1-0

[Event "XXXVII Olimpiadi femminile"]
[Site "Torino ITA"]
[Date "2006.06.04"]
[Round "13.3"]
[White "Mendoza, Beverly"]
[Black "Krivec, Jana"]
[Result "1/2-1/2"]
[WhiteElo "2132"]
[BlackElo "2323"]
[Annotator "PHI-SLO"]
[PlyCount "100"]
[EventDate "2006.05.21"]

1. e4 e5 2. Nf3 Nc6 3. Bb5 a6 4. Ba4 Nf6 5. O-O Be7 6. Re1 b5 7. Bb3 d6 8. c3
O-O 9. h3 Nb8 10. d4 Nbd7 11. Bc2 Bb7 12. Nbd2 Re8 13. Nf1 Bf8 14. Ng3 g6 15.
a4 c5 16. d5 c4 17. Bg5 h6 18. Be3 Nc5 19. Qd2 h5 20. Bg5 Be7 21. Bh6 Nh7 22.
Ra3 Kh8 23. Be3 Bf6 24. Rea1 Qc7 25. axb5 axb5 26. Ng5 Rxa3 27. Rxa3 Bg7 28.
Qc1 Nxg5 29. Bxg5 Kh7 30. Qa1 Rb8 31. Ra7 Qb6 32. Qa5 Qxa5 33. Rxa5 Bc8 34. Be7
Rb6 35. Bd8 Rb7 36. Ra8 Bd7 37. Ba5 Bh6 38. Ne2 Bd2 39. Bb4 Kg7 40. Kf1 f6 41.
Ng1 Bc1 42. Ba3 Kf7 43. Ke2 Bh6 44. Nf3 Bf8 45. Nh2 Bh6 46. Nf1 Bf8 47. Ne3 Bh6
48. Nf1 Bf8 49. Ne3 Bh6 50. Nf1 Bf8 1/2-1/2

[Event "XXXVII Olimpiadi femminile"]
[Site "Torino ITA"]
[Date "2006.06.04"]
[Round "13.1"]
[White "Pina Vega, Sulennis"]
[Black "Nguyen, Thi Thanh An"]
[Result "1/2-1/2"]
[WhiteElo "2334"]
[BlackElo "2317"]
[Annotator "CUB-VIE"]
[PlyCount "84"]
[EventDate "2006.05.21"]

1. e4 c6 2. d4 d5 3. Nd2 g6 4. e5 h5 5. h3 Nh6 6. Ngf3 Bg7 7. c3 Qc7 8. Be2 c5
9. O-O cxd4 10. cxd4 Nc6 11. Nb3 Nf5 12. Bf4 Qb6 13. Rc1 e6 14. Qd2 Bf8 15. Bg5
Bd7 16. Rfd1 a5 17. g4 hxg4 18. hxg4 a4 19. Na1 Nfe7 20. Bf6 Rh7 21. Kg2 Ng8
22. Bg5 Be7 23. Bxe7 Ngxe7 24. Rh1 Rxh1 25. Rxh1 O-O-O 26. b3 Ng8 27. bxa4 f6
28. Rc1 Rf8 29. a5 Qc7 30. a6 bxa6 31. Bxa6+ Kd8 32. Nb3 Qb6 33. Nc5 fxe5 34.
Qg5+ Nge7 35. dxe5 Qb4 36. a4 Qa3 37. Be2 Qb2 38. Qe3 d4 39. Qd2 Qxd2 40. Nxd2
Nxe5 41. Nb7+ Ke8 42. Nd6+ Kd8 1/2-1/2

[Event "XXXVII Olimpiadi femminile"]
[Site "Torino ITA"]
[Date "2006.06.04"]
[Round "13.2"]
[White "Hoang, Thi Bao Tram"]
[Black "Perez Rodriguez, Jennifer"]
[Result "1-0"]
[WhiteElo "2349"]
[BlackElo "2263"]
[Annotator "CUB-VIE"]
[PlyCount "75"]
[EventDate "2006.05.21"]

1. e4 e5 2. Nc3 Nf6 3. g3 Bc5 4. Bg2 c6 5. Nf3 d5 6. Nxe5 dxe4 7. Qe2 O-O 8. h3
Qd4 9. Nc4 b5 10. Ne3 b4 11. Na4 Ba6 12. Qd1 Nbd7 13. Nxc5 Qxc5 14. b3 Rfe8 15.
a3 Qe5 16. Ra2 Qa5 17. Bb2 Nd5 18. Nxd5 cxd5 19. Qa1 e3 20. dxe3 bxa3+ 21. Bc3
Qc5 22. Bd4 Qb4+ 23. c3 Qd6 24. Rxa3 Bd3 25. Ra5 Nb6 26. Qd1 Qg6 27. Qg4 Bc2
28. Qxg6 hxg6 29. Ra3 Be4 30. O-O Rec8 31. Rfa1 Nd7 32. b4 Nf8 33. Rxa7 Rab8
34. Be5 Rb6 35. Ra8 Rxa8 36. Rxa8 f6 37. Bd4 Rb7 38. Bc5 1-0

[Event "XXXVII Olimpiadi femminile"]
[Site "Torino ITA"]
[Date "2006.06.04"]
[Round "13.1"]
[White "Yanjindulam, Dulamsuren"]
[Black "Peng, Zhao Qin"]
[Result "0-1"]
[WhiteElo "2162"]
[BlackElo "2395"]
[Annotator "MGL-NED"]
[PlyCount "86"]
[EventDate "2006.05.21"]

1. e4 e6 2. d4 d5 3. Nd2 c5 4. exd5 exd5 5. Ngf3 Nf6 6. dxc5 Bxc5 7. Nb3 Be7 8.
Bb5+ Nc6 9. O-O O-O 10. Nbd4 Bd7 11. c3 Rc8 12. Re1 Re8 13. Bd3 h6 14. h3 Qc7
15. Bd2 Bc5 16. Qb3 Na5 17. Qc2 Nc4 18. Rxe8+ Rxe8 19. Re1 Rd8 20. Bc1 a6 21.
Nf5 Bc8 22. b3 Bxf5 23. Bxf5 Nd6 24. Bf4 Qb6 25. Bxd6 Qxd6 26. Qe2 Qb6 27. Ne5
Re8 28. Qf3 Qd6 29. Nd3 Rxe1+ 30. Nxe1 Qe5 31. Nc2 g6 32. Bd3 Qxc3 33. g3 Kg7
34. Kg2 Qb2 35. h4 h5 36. b4 Bxb4 37. Ne3 Bc5 38. Nxd5 Ng4 39. Be2 Bxf2 40. Qd3
Bc5 41. Nc3 Ne5 42. Nd1 Nxd3 43. Nxb2 Nxb2 0-1

[Event "XXXVII Olimpiadi femminile"]
[Site "Torino ITA"]
[Date "2006.06.04"]
[Round "13.2"]
[White "Bosboom-Lanchava, Tea"]
[Black "Bayaraa, Zorigt"]
[Result "1-0"]
[WhiteElo "2380"]
[BlackElo "2102"]
[Annotator "MGL-NED"]
[PlyCount "53"]
[EventDate "2006.05.21"]

1. d4 Nf6 2. Nf3 e6 3. c4 b6 4. g3 Ba6 5. Nbd2 c5 6. Bg2 Bb7 7. dxc5 Bxc5 8.
O-O O-O 9. a3 d5 10. b4 Be7 11. Bb2 Nbd7 12. Nd4 a5 13. cxd5 exd5 14. Qb3 axb4
15. axb4 Ne4 16. Nxe4 dxe4 17. Nf5 Bf6 18. Nd6 Rxa1 19. Rxa1 Qb8 20. Nxe4 Bxb2
21. Qxb2 Ne5 22. Rd1 f5 23. Nd6 Bxg2 24. Qxe5 Ba8 25. Qe6+ Kh8 26. Nf7+ Kg8 27.
Nh6+ 1-0

[Event "XXXVII Olimpiadi femminile"]
[Site "Torino ITA"]
[Date "2006.06.04"]
[Round "13.3"]
[White "Ankhchimeg, Bayanmunh"]
[Black "Muhren, Bianca"]
[Result "0-1"]
[WhiteElo "2252"]
[BlackElo "2253"]
[Annotator "MGL-NED"]
[PlyCount "160"]
[EventDate "2006.05.21"]

1. e4 c5 2. Nf3 d6 3. d4 cxd4 4. Nxd4 Nf6 5. Nc3 a6 6. Be3 e6 7. f3 Be7 8. Qd2
O-O 9. g4 Nc6 10. O-O-O Nxd4 11. Bxd4 b5 12. Kb1 Nd7 13. h4 Bb7 14. g5 Qc7 15.
h5 b4 16. Ne2 Ne5 17. Bxe5 dxe5 18. Nc1 a5 19. g6 h6 20. gxf7+ Rxf7 21. Bh3 Bg5
22. Qd6 Qxd6 23. Rxd6 Rxf3 24. Bxe6+ Kh8 25. Bd5 Bxd5 26. Rxd5 Raf8 27. Rhd1
Rf1 28. Nb3 a4 29. Nc5 Be3 30. Ne6 Bd4 31. Kc1 Be3+ 32. Kb1 R8f6 33. Nd8 Bd4
34. Kc1 Be3+ 35. Kb1 Bd4 36. Kc1 Rxd1+ 37. Kxd1 Bxb2 38. Ke2 Kg8 39. Nb7 Bd4
40. Nc5 Rc6 41. Rd8+ Kf7 42. Nd3 Rxc2+ 43. Kd1 Rxa2 44. Nxb4 Rh2 45. Rd7+ Kf8
46. Rd8+ Ke7 47. Ra8 Rxh5 48. Rxa4 Rh4 49. Nc6+ Kd6 50. Ra6 Kc5 51. Nd8 Rxe4
52. Rg6 Bc3 53. Ne6+ Kc4 54. Rxg7 Re1+ 55. Kc2 Re2+ 56. Kd1 Rd2+ 57. Kc1 Rd6
58. Rc7+ Kb4 59. Rb7+ Kc4 60. Rc7+ Kd3 61. Nc5+ Ke3 62. Nb7 Bd2+ 63. Kc2 Rd5
64. Nc5 Bb4 65. Ne6 e4 66. Rh7 Rh5 67. Ng7 Rh2+ 68. Kb3 Bd2 69. Nf5+ Ke2 70.
Kc4 Bf4 71. Ra7 h5 72. Kd4 Kf3 73. Ra3+ e3 74. Kd3 Rd2+ 75. Kc4 Ke4 76. Nh4 Rh2
77. Ng6 e2 78. Ra8 Kf5 79. Ne7+ Kg4 80. Ra1 Bg3 0-1

[Event "XXXVII Olimpiadi femminile"]
[Site "Torino ITA"]
[Date "2006.06.04"]
[Round "13.2"]
[White "Maksimovic, Suzana"]
[Black "Voiska, Margarita"]
[Result "0-1"]
[WhiteElo "2295"]
[BlackElo "2314"]
[Annotator "BUL-SCG"]
[PlyCount "82"]
[EventDate "2006.05.21"]

1. d4 Nf6 2. c4 e6 3. Nc3 Bb4 4. e3 O-O 5. Nge2 d5 6. a3 Be7 7. Nf4 c6 8. Be2
Nbd7 9. cxd5 exd5 10. O-O Bd6 11. Bd3 Re8 12. Qf3 Nf8 13. h3 Ng6 14. Nxg6 hxg6
15. e4 dxe4 16. Nxe4 Nxe4 17. Bxe4 Be6 18. Bd2 Bc7 19. Bc3 Qd6 20. g3 Bxh3 21.
Rfd1 Qe6 22. Re1 Bf5 23. Bd3 Qd5 24. Qxd5 cxd5 25. Bb5 Rxe1+ 26. Rxe1 Bd6 27.
Kg2 g5 28. f3 g4 29. Be2 gxf3+ 30. Bxf3 Be6 31. a4 Rc8 32. Be2 g6 33. Bd3 Kg7
34. Bd2 Rh8 35. Rc1 Bh3+ 36. Kf3 Bd7 37. Kg2 a6 38. b3 Bg4 39. Bg5 Rh3 40. Bh4
g5 41. Be2 gxh4 0-1

[Event "XXXVII Olimpiadi femminile"]
[Site "Torino ITA"]
[Date "2006.06.04"]
[Round "13.3"]
[White "Velcheva, Maria"]
[Black "Benderac, Ana"]
[Result "0-1"]
[WhiteElo "2279"]
[BlackElo "2293"]
[Annotator "BUL-SCG"]
[PlyCount "62"]
[EventDate "2006.05.21"]

1. e4 e5 2. Nf3 d6 3. d4 exd4 4. Nxd4 Nf6 5. Nc3 Be7 6. Bf4 O-O 7. Qd2 Re8 8.
O-O-O a6 9. f3 b5 10. g4 c5 11. Nf5 Bxf5 12. exf5 Ra7 13. Rg1 d5 14. g5 b4 15.
Bxb8 bxc3 16. Qxc3 Qxb8 17. gxf6 d4 18. Rxg7+ Kh8 19. Qd2 Bxf6 20. Rg4 Re3 21.
Bd3 Rae7 22. Rdg1 Re8 23. b3 Be5 24. f6 Bf4 25. Kb2 c4 26. Rg7 cxd3 27. Qg2 Bh6
28. Qh3 Qf4 29. Rxf7 dxc2 30. Qd7 c1=Q+ 31. Rxc1 Re2+ 0-1

[Event "XXXVII Olimpiadi femminile"]
[Site "Torino ITA"]
[Date "2006.06.04"]
[Round "13.1"]
[White "Peptan, Corina-Isabela"]
[Black "Pourkashiyan, Atousa"]
[Result "1-0"]
[WhiteElo "2408"]
[BlackElo "2311"]
[Annotator "ROU-IRI"]
[PlyCount "117"]
[EventDate "2006.05.21"]

1. e4 e5 2. Nf3 Nf6 3. Nxe5 d6 4. Nf3 Nxe4 5. c4 Nc6 6. d3 Nf6 7. Be2 Be7 8.
O-O O-O 9. Nc3 Bf5 10. d4 d5 11. Bf4 Rc8 12. a3 dxc4 13. Bxc4 Nh5 14. Be3 Bd6
15. d5 Na5 16. Be2 c5 17. Nb5 Bb8 18. b4 a6 19. bxa5 axb5 20. Bxb5 Qxa5 21. a4
Qc7 22. g3 Bg4 23. Be2 Qd6 24. Ng5 Bxe2 25. Qxe2 Nf6 26. Rfd1 h6 27. Bf4 Qd7
28. Bxb8 Rxb8 29. Ne4 Nxe4 30. Qxe4 Qd6 31. Rab1 Rfe8 32. Qc4 b6 33. Rb3 Red8
34. Qb5 Ra8 35. Re3 Rdc8 36. Re4 Kf8 37. Rg4 Kg8 38. Qb2 f6 39. Qc1 Qd7 40. Qc4
Qd6 41. Re1 Re8 42. Rd1 Kh8 43. h4 Re5 44. Re4 Rd8 45. Rxe5 Qxe5 46. Qa6 Qd6
47. Qb5 Kg8 48. Qc4 Kf8 49. Qe4 Qe5 50. Qc4 Qd6 51. Qa6 Kg8 52. Kh2 Re8 53. a5
Rb8 54. Rd2 Qd8 55. d6 bxa5 56. d7 Kh8 57. Qc6 Qf8 58. Re2 Kh7 59. Re8 1-0

[Event "XXXVII Olimpiadi femminile"]
[Site "Torino ITA"]
[Date "2006.06.04"]
[Round "13.2"]
[White "Paridar, Shadi"]
[Black "Foisor, Cristina-Adela"]
[Result "1/2-1/2"]
[WhiteElo "2210"]
[BlackElo "2392"]
[Annotator "ROU-IRI"]
[PlyCount "111"]
[EventDate "2006.05.21"]

1. e4 c6 2. d4 g6 3. Nf3 Bg7 4. h3 d5 5. exd5 cxd5 6. Bd3 Nc6 7. c3 Nh6 8. Bf4
f6 9. O-O Nf7 10. c4 O-O 11. cxd5 Nb4 12. Nc3 Nxd5 13. Nxd5 Qxd5 14. Qe2 g5 15.
Bg3 g4 16. hxg4 Bxg4 17. Rac1 Qh5 18. Qxe7 Bxf3 19. gxf3 Qxf3 20. Be4 Qg4 21.
Bd5 Qg6 22. Qxb7 Rad8 23. Rc7 f5 24. Bxf7+ Rxf7 25. Rxf7 Qxf7 26. Qxf7+ Kxf7
27. Be5 Bxe5 28. dxe5 f4 29. Rc1 Ke6 30. Rc7 Rd2 31. Rxh7 Rxb2 32. Rxa7 f3 33.
Ra3 Kxe5 34. Rxf3 Rxa2 35. Kg2 Ra8 36. Rb3 Kf4 37. Rb4+ Kf5 38. Kg3 Ra3+ 39. f3
Ra5 40. Rh4 Kg5 41. Rh8 Ra1 42. f4+ Kf5 43. Rh5+ Kg6 44. Rb5 Kf6 45. Rc5 Rb1
46. Ra5 Rc1 47. Rd5 Ra1 48. Rb5 Rc1 49. Kg4 Rg1+ 50. Kf3 Rf1+ 51. Ke3 Re1+ 52.
Kf2 Ra1 53. Kf3 Rf1+ 54. Ke3 Re1+ 55. Kf2 Ra1 56. Kf3 1/2-1/2

[Event "XXXVII Olimpiadi femminile"]
[Site "Torino ITA"]
[Date "2006.06.04"]
[Round "13.3"]
[White "Calotescu, Ana-Cristina"]
[Black "Ghaderpour Taleghani, Shayesteh"]
[Result "1/2-1/2"]
[WhiteElo "2325"]
[BlackElo "2144"]
[Annotator "ROU-IRI"]
[PlyCount "84"]
[EventDate "2006.05.21"]

1. Nf3 Nf6 2. c4 c5 3. g3 b6 4. Bg2 Bb7 5. O-O e6 6. Nc3 Be7 7. Re1 d6 8. e4 a6
9. d4 cxd4 10. Nxd4 Qc7 11. Be3 O-O 12. Rc1 Nbd7 13. f4 Rfe8 14. Bf2 Nf8 15. h3
Rac8 16. b3 Ba8 17. Kh2 Qb8 18. Re2 h6 19. Qh1 N8d7 20. Rd2 Bf8 21. Be3 b5 22.
cxb5 e5 23. Nc6 Bxc6 24. bxc6 Rxc6 25. Rdc2 exf4 26. gxf4 d5 27. e5 Nxe5 28.
Nxd5 Nxd5 29. Bxd5 Rxc2+ 30. Rxc2 Ng4+ 31. hxg4 Rxe3 32. Qf1 Bd6 33. Qxa6 Bxf4+
34. Kg2 Rg3+ 35. Kf1 Qe5 36. Qc8+ Kh7 37. Qf5+ Qxf5 38. gxf5 h5 39. Bxf7 h4 40.
Rf2 Be5 41. Bd5 Kh6 42. Rf3 Rxf3+ 1/2-1/2

[Event "XXXVII Olimpiadi femminile"]
[Site "Torino ITA"]
[Date "2006.06.04"]
[Round "13.1"]
[White "Repkova, Eva"]
[Black "Klinova, Masha"]
[Result "1/2-1/2"]
[WhiteElo "2346"]
[BlackElo "2357"]
[Annotator "SVK-ISR"]
[PlyCount "148"]
[EventDate "2006.05.21"]

1. e4 e5 2. Bc4 Nf6 3. d3 Nc6 4. Nf3 Be7 5. O-O O-O 6. Re1 a6 7. Bb3 d6 8. c3
h6 9. Nbd2 Be6 10. Nf1 Re8 11. Ng3 Bf8 12. d4 Bg4 13. d5 Ne7 14. h3 Bd7 15. Nh4
c6 16. dxc6 Nxc6 17. Nhf5 Be6 18. Ne3 b5 19. Nd5 Na5 20. Bc2 g6 21. Nxf6+ Qxf6
22. Nf1 Nc4 23. Ne3 Nb6 24. Bb3 h5 25. Nd5 Nxd5 26. Bxd5 Bxd5 27. Qxd5 Qe6 28.
Rd1 Rac8 29. Bg5 Rc4 30. Qb7 Qc8 31. Qd5 Qe6 32. f3 Qxd5 33. Rxd5 f5 34. Re1
Kf7 35. Rd3 Ke6 36. b3 Rc6 37. Bc1 Rec8 38. Bb2 fxe4 39. fxe4 Be7 40. Rf1 Rf8
41. Rxf8 Bxf8 42. Rg3 Kf7 43. Rf3+ Ke7 44. Bc1 Bg7 45. Rg3 Kf7 46. Bg5 Ke6 47.
Bd8 Kf7 48. Rd3 Ke6 49. Rg3 Kf7 50. Ba5 Bf6 51. Kf1 Be7 52. Ke2 Rc8 53. Kd3 Bh4
54. Rf3+ Ke6 55. Bb4 d5 56. g3 Bg5 57. h4 Bc1 58. exd5+ Kxd5 59. Rf6 e4+ 60.
Kc2 Be3 61. Rd6+ Ke5 62. Rxg6 Rd8 63. c4 bxc4 64. bxc4 Kd4 65. Bc3+ Kxc4 66.
Rxa6 Bf2 67. Ra4+ Kd5 68. Ra5+ Kc4 69. Re5 e3 70. a4 Rd5 71. Re4+ Kc5 72. Bb4+
Kc6 73. Re6+ Kb7 74. a5 Bxg3 1/2-1/2

[Event "XXXVII Olimpiadi femminile"]
[Site "Torino ITA"]
[Date "2006.06.04"]
[Round "13.2"]
[White "Borsuk, Angela"]
[Black "Hagarova, Zuzana"]
[Result "1/2-1/2"]
[WhiteElo "2341"]
[BlackElo "2377"]
[Annotator "SVK-ISR"]
[PlyCount "116"]
[EventDate "2006.05.21"]

1. d4 Nf6 2. c4 e6 3. Nc3 Bb4 4. Qc2 O-O 5. a3 Bxc3+ 6. Qxc3 b6 7. Bg5 Bb7 8.
f3 h6 9. Bh4 d5 10. cxd5 exd5 11. e3 Re8 12. Bf2 c5 13. Bb5 Bc6 14. Bd3 cxd4
15. Qxd4 Nbd7 16. Ne2 Nc5 17. Bc2 Bb5 18. Nc3 Bc4 19. O-O-O Nb3+ 20. Bxb3 Bxb3
21. Rd2 Qe7 22. Kb1 Rab8 23. Rc1 b5 24. Qb4 Bc4 25. Qxe7 Rxe7 26. Ne2 b4 27.
axb4 Rxb4 28. Nd4 Reb7 29. Bg3 Nd7 30. Nc6 Ra4 31. Ne7+ Kh7 32. Nxd5 Nc5 33.
Nc3 Rab4 34. Bd6 Bd3+ 35. Ka2 R7b6 36. Nb5 Bc4+ 37. Rxc4 Rxc4 38. Na3 Rc1 39.
Bxc5 Rxc5 40. Rd7 Rg5 41. g4 Rf6 42. h4 Ra5 43. f4 Re6 44. Rd3 h5 45. b4 Raa6
46. gxh5 Rad6 47. Rc3 Rd2+ 48. Nc2 Kh6 49. Kb3 Re7 50. Rc5 Rh2 51. Ka4 Kh7 52.
Kb5 Rxh4 53. Ka6 Rh1 54. Ra5 Rf1 55. b5 Rd1 56. Nb4 Rxe3 57. Nc6 Re6 58. Kxa7
Rh1 1/2-1/2

[Event "XXXVII Olimpiadi femminile"]
[Site "Torino ITA"]
[Date "2006.06.04"]
[Round "13.3"]
[White "Pokorna, Regina"]
[Black "Igla, Bella"]
[Result "1-0"]
[WhiteElo "2338"]
[BlackElo "2288"]
[Annotator "SVK-ISR"]
[PlyCount "125"]
[EventDate "2006.05.21"]

1. e4 c5 2. Nf3 d6 3. d4 cxd4 4. Nxd4 Nf6 5. Nc3 g6 6. Be3 Bg7 7. f3 Nc6 8. Qd2
O-O 9. Bc4 Na5 10. Bb3 Nxb3 11. Nxb3 Bd7 12. Bh6 a5 13. O-O-O Rc8 14. Bxg7 Kxg7
15. g4 a4 16. g5 Nxe4 17. fxe4 axb3 18. axb3 Ra8 19. h4 Ra1+ 20. Nb1 Qa8 21.
Qd4+ Kg8 22. Kd2 e5 23. Qe3 d5 24. exd5 Bg4 25. Rdg1 Rxb1 26. Rxb1 Qa5+ 27. Kc1
Qxd5 28. Rg1 Bf5 29. Rd1 Qc6 30. c3 Ra8 31. Rf1 Qg2 32. Rxf5 gxf5 33. Qd2 Qe4
34. b4 Qxh4 35. b3 Ra6 36. Kb2 Rg6 37. Rg1 f4 38. b5 Kg7 39. Qe2 Re6 40. Rg2 e4
41. Rh2 Qg3 42. Qh5 f3 43. Qxh7+ Kf8 44. Rd2 Rd6 45. Rxd6 Qxd6 46. Qh8+ Ke7 47.
Qh4 Qd2+ 48. Ka3 f2 49. g6+ f6 50. Qxe4+ Kf8 51. Qe6 Kg7 52. Qf7+ Kh6 53. Qh7+
Kg5 54. g7 Qc1+ 55. Ka4 f1=Q 56. g8=Q+ Kf4 57. Qh6+ Ke5 58. Qe8+ Kd5 59. Qd7+
Ke5 60. Qe7+ Kd5 61. Qxb7+ Ke5 62. Qe7+ Kd5 63. Qh5+ 1-0

[Event "XXXVII Olimpiadi femminile"]
[Site "Torino ITA"]
[Date "2006.06.04"]
[Round "13.1"]
[White "Maeckelbergh, Mieke"]
[Black "Nakagawa, Emiko"]
[Result "1/2-1/2"]
[WhiteElo "2026"]
[BlackElo "1944"]
[Annotator "IBCA-JPN"]
[PlyCount "43"]
[EventDate "2006.05.21"]

1. d4 d5 2. e3 Nf6 3. Bd3 Nbd7 4. f4 e6 5. Qf3 c5 6. c3 b6 7. Nd2 Bb7 8. Nh3
Bd6 9. O-O O-O 10. Ng5 Re8 11. g4 Bf8 12. e4 dxe4 13. Ndxe4 Qc7 14. Qh3 g6 15.
Qh4 Bg7 16. Nxf6+ Nxf6 17. Nf3 cxd4 18. Nxd4 Red8 19. Be2 a6 20. Bf3 Rd7 21.
Bxb7 Qxb7 22. Nf3 1/2-1/2

[Event "XXXVII Olimpiadi femminile"]
[Site "Torino ITA"]
[Date "2006.06.04"]
[Round "13.1"]
[White "Petrenko, Svetlana"]
[Black "Cmilyte, Viktorija"]
[Result "0-1"]
[WhiteElo "2334"]
[BlackElo "2470"]
[Annotator "MDA-LTU"]
[PlyCount "80"]
[EventDate "2006.05.21"]

1. e4 c5 2. Nf3 Nc6 3. d4 cxd4 4. Nxd4 Nf6 5. Nc3 e5 6. Ndb5 d6 7. Nd5 Nxd5 8.
exd5 Nb8 9. c4 Be7 10. Bd3 a6 11. Nc3 O-O 12. O-O f5 13. f3 Nd7 14. Kh1 Bg5 15.
b4 a5 16. Nb5 Bxc1 17. Rxc1 axb4 18. Nxd6 Nc5 19. Nxc8 Qxc8 20. Bb1 Qc7 21. d6
Qc6 22. Qe1 Qxd6 23. Qxb4 Rad8 24. Bc2 e4 25. Rfd1 Qc6 26. Rxd8 Rxd8 27. fxe4
fxe4 28. Qa3 Nd3 29. Bxd3 exd3 30. Qa5 b6 31. Qg5 Re8 32. h3 h6 33. Qf4 Re2 34.
Qb8+ Kh7 35. Qg3 d2 36. Rf1 Qe4 37. Kh2 Re1 38. Rf7 Rh1+ 39. Kxh1 d1=Q+ 40. Kh2
Qdd4 0-1

[Event "XXXVII Olimpiadi femminile"]
[Site "Torino ITA"]
[Date "2006.06.04"]
[Round "13.2"]
[White "Ciuksyte, Dagne"]
[Black "Partac, Elena"]
[Result "1-0"]
[WhiteElo "2423"]
[BlackElo "2095"]
[Annotator "MDA-LTU"]
[PlyCount "101"]
[EventDate "2006.05.21"]

1. e4 c5 2. Nf3 Nc6 3. d4 cxd4 4. Nxd4 g6 5. c4 Bg7 6. Be3 Nf6 7. Nc3 O-O 8.
Be2 d6 9. O-O Bd7 10. Qd2 Nxd4 11. Bxd4 Bc6 12. f3 Nd7 13. Be3 a5 14. b3 Nc5
15. Rab1 Qb6 16. Rfc1 Rfc8 17. Rc2 Qd8 18. Bf1 h5 19. Re1 Kh7 20. g3 Qf8 21.
Bh3 Rc7 22. Kg2 Qh8 23. Nd5 Bxd5 24. exd5 Qf8 25. Qd1 b6 26. Rce2 Bc3 27. Bd2
Bxd2 28. Qxd2 Raa7 29. Re3 Qg7 30. Qe2 Qf6 31. f4 Kh6 32. Kh1 Rab7 33. Bg2 Kg7
34. Rf1 Rc8 35. f5 g5 36. Qxh5 Rh8 37. Qe2 Qh6 38. h3 Qf6 39. Kh2 Rh6 40. Re1
Kf8 41. a3 Rc7 42. b4 axb4 43. axb4 Na4 44. Qa2 Nb2 45. Rb3 Nxc4 46. Qa8+ Kg7
47. Qb8 Rd7 48. Qc8 Ra7 49. Qxc4 Ra2 50. Qc3 Qxc3 51. Rxc3 1-0

[Event "XXXVII Olimpiadi femminile"]
[Site "Torino ITA"]
[Date "2006.06.04"]
[Round "13.1"]
[White "Medic, Mirjana"]
[Black "Calzetta Ruiz, Monica"]
[Result "1/2-1/2"]
[WhiteElo "2239"]
[BlackElo "2317"]
[Annotator "CRO-ESP"]
[PlyCount "110"]
[EventDate "2006.05.21"]

1. d4 Nf6 2. c4 c5 3. d5 b5 4. cxb5 a6 5. bxa6 Bxa6 6. Nc3 g6 7. Nf3 d6 8. g3
Bg7 9. Bg2 Nbd7 10. Rb1 Nb6 11. b3 Bb7 12. Nh4 O-O 13. O-O Ra6 14. Bb2 Qa8 15.
e4 Nfd7 16. Re1 Bxc3 17. Bxc3 Rxa2 18. Qc1 Ne5 19. Bxe5 dxe5 20. Qxc5 Nc8 21.
Nf3 f6 22. Bh3 Nd6 23. Be6+ Kh8 24. Rbc1 Ba6 25. Qc7 Re8 26. Re3 Bc8 27. Bd7
Ra7 28. Qxa7 Qxa7 29. Bxe8 Bg4 30. Bc6 Bxf3 31. Rxf3 Nxe4 32. b4 Qa2 33. b5 Qb2
34. Re1 Nd6 35. Rd3 Nxb5 36. Bxb5 Qxb5 37. Red1 e4 38. Rd4 f5 39. h4 Qc5 40.
Kg2 Kg7 41. d6 exd6 42. Rxd6 e3 43. Rd7+ Kh6 44. fxe3 Qxe3 45. R1d3 Qe2+ 46.
Kg1 Qe1+ 47. Kg2 Qe2+ 48. Kg1 Kh5 49. Rd2 Qe3+ 50. Kg2 h6 51. R7d3 Qe4+ 52. Kh2
Qe1 53. Kg2 Qe4+ 54. Kh2 Qe1 55. Kg2 Qe4+ 1/2-1/2

[Event "XXXVII Olimpiadi femminile"]
[Site "Torino ITA"]
[Date "2006.06.04"]
[Round "13.2"]
[White "Delgado Crespo, Mairelys"]
[Black "Stock, Lara"]
[Result "1/2-1/2"]
[WhiteElo "2296"]
[BlackElo "2200"]
[Annotator "CRO-ESP"]
[PlyCount "152"]
[EventDate "2006.05.21"]

1. e4 e5 2. Nf3 Nf6 3. Nc3 Nc6 4. Bb5 Bc5 5. O-O O-O 6. Nxe5 Nxe5 7. d4 Bd6 8.
f4 Neg4 9. e5 Bb4 10. h3 c6 11. hxg4 Bxc3 12. bxc3 cxb5 13. exf6 Qxf6 14. Qd3
d5 15. f5 Qc6 16. f6 gxf6 17. Rf4 Re8 18. Qf3 Re4 19. Rxf6 Bxg4 20. Qxe4 dxe4
21. Rxc6 bxc6 22. Bf4 Be6 23. Kf2 Kg7 24. Ke3 f5 25. a4 a6 26. Be5+ Kg6 27. a5
Rc8 28. Bd6 Rd8 29. Bf4 h5 30. Rh1 Rc8 31. Rh3 c5 32. Rg3+ Kf7 33. Be5 cxd4+
34. Bxd4 Ke7 35. Rg7+ Kd6 36. Ra7 Rc6 37. Rh7 Rc4 38. Rxh5 Ra4 39. Bb6 Ra2 40.
Kd4 Rxc2 41. Bc5+ Kc6 42. Bb4 Bc8 43. Rg5 Rd2+ 44. Ke3 Rd1 45. Rg6+ Kc7 46.
Rg7+ Bd7 47. g3 Rd3+ 48. Ke2 Rf3 49. Rg6 Bc6 50. Bd6+ Kc8 51. Be5 Bb7 52. Rg7
Bd5 53. Rc7+ Kd8 54. Ra7 b4 55. cxb4 Bc4+ 56. Kd1 e3 57. Bf6+ Kc8 58. Re7 e2+
59. Kd2 Rd3+ 60. Kc2 Rd1 61. Bc3 Bd3+ 62. Kb2 Rb1+ 63. Ka2 Rc1 64. Kb2 Rc2+ 65.
Kb3 Rc1 66. Re3 Bb5 67. Bd2 Rg1 68. Kc3 Ra1 69. Kd4 Rd1 70. Kc3 Kd7 71. Kc2 Kd6
72. Bc3 Kd5 73. Re5+ Kd6 74. Re3 Rf1 75. Kd2 Kd5 76. Kc2 Kd6 1/2-1/2